| 000 | 00590cam a2200193 4500500 | ||
|---|---|---|---|
| 005 | 20260329004621.0 | ||
| 041 | _afre | ||
| 042 | _adc | ||
| 100 | 1 | 0 |
_aN’Diaye, Aïda _eauthor |
| 245 | 0 | 0 | _aL’Art du combat. Philosophie des arts martiaux |
| 260 | _c2020. | ||
| 500 | _a93 | ||
| 690 | _aAïkido | ||
| 690 | _aarts martiaux | ||
| 690 | _aCombat | ||
| 690 | _aCoralie Camilli | ||
| 786 | 0 | _nPhilosophie magazine | 142 | 9 | 2020-09-01 | p. 103-103 | 1951-1787 | |
| 856 | 4 | 1 | _uhttps://shs.cairn.info/magazine-philosophie-magazine-2020-9-page-103?lang=fr&redirect-ssocas=7080 |
| 999 |
_c1835694 _d1835694 |
||